Sobre las libertades
Gespeichert in:
| 1. Verfasser: | |
|---|---|
| Format: | Buch |
| Sprache: | Spanisch |
| Veröffentlicht: |
Barcelona
Paidos
1990
|
| Schriftenreihe: | Pensamiento Contemporáneo. Manuel Cruz, 9
|
| Schlagworte: | |
| Tags: |
Tag hinzufügen
Keine Tags, Fügen Sie den ersten Tag hinzu!
|
MARC
| LEADER | 00000nam a2200000 a 4500 | ||
|---|---|---|---|
| 001 | UCV2451 | ||
| 003 | CL-VaPUC | ||
| 008 | 920721e19900000SP |||||||||||||||||spa|d | ||
| 082 | 0 | 4 | |a 340.1 |b RAW |2 21 |
| 100 | 0 | |a Rawls, John |e author |9 256003 | |
| 245 | 1 | 0 | |a Sobre las libertades |
| 300 | |a 122 p | ||
| 942 | |c BK | ||
| 945 | |d 19920721 00:00:00 | ||
| 260 | |a Barcelona |b Paidos |c 1990 | ||
| 650 | 0 | |a Filosofía del derecho |9 255050 | |
| 583 | |a last modification |c 19920721 00:00:00 |k Rodrigo Vera | ||
| 490 | 0 | |a Pensamiento Contemporáneo. Manuel Cruz, 9 | |
| 999 | |c 210017 |d 210015 | ||
| 952 | |0 0 |1 0 |4 0 |6 340_100000000000000_RAW_1990 |7 0 |8 DER_TF |9 185956 |a BIBDER |b BIBDER |d 2019-11-14 |i 2534525 |o 340.1 RAW 1990 |p 2534525 |r 2023-01-25 |w 2019-11-14 |x Ubicación 4to Piso |y BK |z Estos recursos deben solicitarse con anticipación |k DER | ||